000 00746nam a2200265Ia 4500
001 10104
005 20240113235205.0
007 ta
008 050730s1956 a g b000 u eng u
020 _cHB
040 _aCotton College Assam
041 _aeng
082 _a371.46
_bB 299 C
100 _aBasu, A.N. .
245 0 _aC.I.E. Studies in Education and Psychology: The Multipurpose School /
_cA.N.Basu.
_hTextual Documents
250 _a1st ed. /
260 _aDelhi :
_bCentral Institute of Education ,
_c1956.
300 _a23p. :
_bill. ;
_c21cm. .
653 _aEducation
653 _aEducational Psychology-C.I.E. Studies
653 _aMS-Education
942 _2ddc
_cBK
999 _c10091
_d10091